Villes de la Drôme en images - Statistiques

Statistiques générales
  • Ce quiz a été pris 144 fois
  • Le résultat moyen est 8 sur 18
Statistiques - réponses
Par images Hint Réponse % Correct
V Valence
98%
M Montélimar
87%
R Romans-sur-Isère
82%
D Die
75%
N Nyons
70%
C Crest
66%
G Grignan
65%
T Tain-l'Hermitage
60%
H Hauterives
50%
P Pierrelatte
48%
D Dieulefit
33%
S Suze-la-Rousse
23%
M Mirmande
22%
L Livron-sur-Drôme
21%
S Saint-Paul-Trois-Châteaux
15%
(L) P Le Poët-Laval
8%
(L) C La Chapelle-en-Vercors
6%
S Saint-Rambert-d'Albon
2%
Aucun quiz correspondant
Distribution des résultats
% des personnes avec chaque résultat
Percentile par nombre de réponses
Votre historique - résultats
Vous n’avez pas pris ce quiz